header

Economic zoology (Record no. 84709)

MARC details
000 -LEADER
fixed length control field 01014nam a2200277 a 4500
100 1# - MAIN ENTRY--AUTHOR NAME
Personal name Shukla, G. S.
245 10 - TITLE STATEMENT
Title Economic zoology
260 ## - PUBLICATION, DISTRIBUTION, ETC. (IMPRINT)
Place of publication Meerut, India :
Name of publisher Rastogi Publications,
Year of publication 2009-2010.
300 ## - PHYSICAL DESCRIPTION
Number of Pages 487 p. :
Other physical details ill.
650 #0 - SUBJECT ADDED ENTRY--TOPICAL TERM
Topical Term Zoology.
700 1# - ADDED ENTRY--PERSONAL NAME
Personal name Upadhyay, V. B.
856 40 - ELECTRONIC LOCATION AND ACCESS
Uniform Resource Identifier http://site.ebrary.com/lib/rucke/Doc?id=10417684

No items available.

© 2026 Rongo University
Contact us: librarian | system librarian | Rongo university